Catálogo público

Manual de horticultura (Record no. 44018)

MARC details
000 -CABECERA
campo de control de longitud fija 01142cam a22003257a 4500
003 - IDENTIFICADOR DEL NÚMERO DE CONTROL
campo de control CHAP
005 - FECHA Y HORA DE LA ÚLTIMA TRANSACCIÓN
campo de control 20220329135919.0
008 - DATOS DE LONGITUD FIJA--INFORMACIÓN GENERAL
campo de control de longitud fija 971013s1951 r 00010 d
010 ## - NÚMERO DE CONTROL DE LA BIBLIOTECA DEL CONGRESO
Número de control de LC 44018
011 ## - ENLACE DEL NUMERO DE CONTROL DE LA BIBLIOTECA DEL CONGRESO [OBSOLETO]
Número de control de LC 44990
035 ## - NÚMERO DE CONTROL DEL SISTEMA
Número de control de sistema 49129
040 ## - FUENTE DE LA CATALOGACIÓN
Centro/agencia transcriptor CHAP
082 ## - NÚMERO DE LA CLASIFICACIÓN DECIMAL DEWEY
Número de clasificación 635
Número de documento/Ítem T35Y 1951
100 00 - ENTRADA PRINCIPAL--NOMBRE DE PERSONA
Nombre de persona Tamaro, Domenico.
9 (RLIN) 111518
245 #0 - MENCIÓN DE TÍTULO
Título Manual de horticultura
260 ## - PUBLICACIÓN, DISTRIBUCIÓN, ETC.
Lugar de publicación, distribución, etc. Barcelona :
Nombre del editor, distribuidor, etc. Gili,
Fecha de publicación, distribución, etc. 1951.
300 ## - DESCRIPCIÓN FÍSICA
Extensión 511 p.
Otras características físicas : ilus.
500 ## - NOTA GENERAL
Nota general Trad. de la 9 ed. en italiano de 1951?
590 ## - NOTA LOCAL (RLIN)
Nota local BATCH-UPD
Procedencia (VM) [OBSOLETO] 10
Condición del los carretes individuales (VM) [OBSOLETO] 20130110
-- UCH01
-- 0302
590 ## - NOTA LOCAL (RLIN)
Nota local BATCH-UPD
Procedencia (VM) [OBSOLETO] 10
Condición del los carretes individuales (VM) [OBSOLETO] 20130110
-- UCH01
-- 1751
590 ## - NOTA LOCAL (RLIN)
Nota local CONVERSION
Procedencia (VM) [OBSOLETO] 10
Condición del los carretes individuales (VM) [OBSOLETO] 20130109
-- UCH01
-- 1324
650 14 - PUNTO DE ACCESO ADICIONAL DE MATERIA--TÉRMINO DE MATERIA
Término de materia o nombre geográfico como elemento de entrada Horticultura.
9 (RLIN) 56291
901 ## - ELEMENTOS DE DATOS A LOCAL LDA (RLIN)
a BK
942 ## - ELEMENTOS DE PUNTO DE ACCESO ADICIONAL (KOHA)
Tipo de ítem Koha Libro
949 ## - PROCESAMIENTO DE INFORMACIÓN LOCAL (OCLC)
a 635 T35Y 1951
b BC
c BPA
d 33724000249983
e BPA
f c.2
h 23971
i 49129
s i
949 ## - PROCESAMIENTO DE INFORMACIÓN LOCAL (OCLC)
a 635 T35Y 1951
b BC
c BPA
d 33724000249991
e BPA
f c.3
h 23972
i 49129
s i
949 ## - PROCESAMIENTO DE INFORMACIÓN LOCAL (OCLC)
a 635 T35Y 1951
b BC
c LIBRO
d -110911
e LIBRO
f c.8
i 49129
s i
949 ## - PROCESAMIENTO DE INFORMACIÓN LOCAL (OCLC)
a 635 T35Y 1951
b BC
c LIBRO
d 33724000901054
e LIBRO
f c.4
h 51634 Sust.X
i 49129
m Extraviado
s i
949 ## - PROCESAMIENTO DE INFORMACIÓN LOCAL (OCLC)
a 635 T35Y 1951
b BC
c LIBRO
d 33724000904264
e LIBRO
h 27722
i 49129
s i
Holdings
Estado de retiro Estado de pérdida Fuente del sistema de clasificación o colocación Estado dañado Restricciones de uso No para préstamo Código de colección Localización permanente Ubicación/localización actual Ubicación en estantería Fecha de adquisición Información codificada de la localización en otra ubicación Total de préstamos Signatura topográfica completa Código de barras Fecha visto por última vez Número de copia Precio válido a partir de Tipo de ítem Koha Fecha del último préstamo Número de inventario
    Dewey Decimal Classification   Préstamo 15 días   General Biblioteca Central Biblioteca Central Planta principal - Colección General 17/12/2012 LIBRO   635 T35Y 1951 -110911 31/12/2019 c.8 31/12/2019 Libro    
    Dewey Decimal Classification   Préstamo 15 días   General Biblioteca Central Biblioteca Central Planta principal - Colección General 31/12/2019 LIBRO   635 T35Y 1951 33724000901054 31/12/2019 c.4 31/12/2019 Libro    
    Dewey Decimal Classification   Préstamo 15 días   General Biblioteca Central Biblioteca Central Planta principal - Colección General 31/12/2019 LIBRO 1 635 T35Y 1951 33724000904264 13/05/2024   31/12/2019 Libro 02/05/2024  
Material descartado       Préstamo 3 días   Material descartado Biblioteca Central Biblioteca Central   31/12/2019 LIBRO   635 T35Y 1951 33724000249983 31/12/2019 c.2 31/12/2019 Libro   127
Material descartado       Préstamo 3 días   Material descartado Biblioteca Central Biblioteca Central   31/12/2019 LIBRO   635 T35Y 1951 33724000249991 31/12/2019 c.3 31/12/2019 Libro   127